000 00823cam a22002653a 4500
001 17976
003 PGUSA
005 20140828083401.0
008 060313s2006||||xxu|||||s|||||000 | eng d
040 _aPGUSA
_beng
042 _adc
050 4 _aCT
100 1 _aCarnegie, Andrew,
_d1835-1919
245 1 0 _aAutobiography of Andrew Carnegie
_h[electronic resource] /
_cAndrew Carnegie
260 _bProject Gutenberg,
_c2006
506 _aPublic domain in the USA.
516 _aElectronic text
653 _aPhilanthropists -- United States -- Biography
653 _aCarnegie, Andrew, 1835-1919
653 _aIndustrialists -- United States -- Biography
700 1 _aVan Dyke, John Charles,
_d1856-1932
830 0 _aProject Gutenberg
_v17976
856 4 0 _uhttp://www.gutenberg.org/ebooks/17976
942 _cEB
999 _c247231
_d247231